Statistiche per Migliore calciatore italiano AIC

Clicka qui per fare il quiz!

Statistiche generali

  • Questo quiz è stato fatto 27 volte
  • Il punteggio medio è 12 su 14

Statistiche sulle risposte

AnnoSquadraCalciatore% Corretto
2000RomaFrancesco Totti
100%
2001RomaFrancesco Totti
100%
2003RomaFrancesco Totti
100%
2004RomaFrancesco Totti
100%
2007RomaFrancesco Totti
100%
1998JuventusAlessandro Del Piero
92%
2008JuventusAlessandro Del Piero
92%
2010UdineseAntonio Di Natale
92%
1997SampdoriaRoberto Mancini
83%
2009RomaDaniele De Rossi
79%
2006JuventusFabio Cannavaro
71%
1999LazioChristian Vieri
63%
2002InterChristian Vieri
63%
2005ParmaAlberto Gilardino
46%

Distribuzione punteggi

Percentile per numero di risposta

Percentuale di utenti per punteggio

I tuoi punteggi nel tempo

Non hai fatto questo quiz